Signos y síntomas en cirugía / (Record no. 132561)

MARC details
000 -LEADER
campo de control de longitud fija 00810nam a2200229 4500
001 - NÚMERO DE CONTROL
campo de control 132561
003 - IDENTIFICADOR DE NÚMERO DE CONTROL
campo de control ES-MaACL
005 - FECHA Y HORA DE LA ÚLTIMA TRANSACCIÓN
campo de control 20230906194212.0
007 - CAMPO FIJO DE DESCRIPCIÓN FÍSICA--INFORMACIÓN GENERAL
campo de control de longitud fija t|
008 - DATOS DE LONGITUD FIJA--INFORMACIÓN GENERAL
campo de control de longitud fija 070214s1965 sp r ||||1| spa d
100 1# - ENTRADA PRINCIPAL--NOMBRE DE PERSONA
Nombre de persona Romieu, Cl.
9 (RLIN) 99468
245 10 - MENCIÓN DEL TÍTULO
Título Signos y síntomas en cirugía /
Mención de responsabilidad, etc. por Cl. Romieu, J. Vernhet y H. Pujol ; prefacio del profesor F. de Gaudart d'Allaines ; versión... de Alberto Jornet.
260 ## - PUBLICACIÓN, DISTRIBUCIÓN, ETC.
Lugar de publicación, distribución, etc. Barcelona :
Nombre del editor, distribuidor, etc. Toray,
Fecha de publicación, distribución, etc. 1965.
300 ## - DESCRIPCIÓN FÍSICA
Extensión XII, 300 p. :
Otras características físicas il. ;
Dimensiones 25 cm.
500 ## - NOTA GENERAL
Nota general Tít. orig.: Leçons de semiologie chirurgicale.
700 1# - ENTRADA AGREGADA--NOMBRE PERSONAL
Nombre de persona Vernhet, J.
9 (RLIN) 114178
700 1# - ENTRADA AGREGADA--NOMBRE PERSONAL
Nombre de persona Pujol, H.
9 (RLIN) 94334
700 1# - ENTRADA AGREGADA--NOMBRE PERSONAL
Nombre de persona Gaudart d'Allaines, F. de.
9 (RLIN) 55989
700 1# - ENTRADA AGREGADA--NOMBRE PERSONAL
Nombre de persona Jornet Cases, A.
9 (RLIN) 66960
740 0# - ENTRADA AGREGADA--TÍTULO RELACIONADO/ANALÍTICO NO CONTROLADO
Título relacionado o analítico no controlado Leçons de semiologie chirurgicale.
852 ## - LOCALIZACIÓN
Ubicación ES-MaACL
Número de control de estantería E-669
Sublocalización o colección R.56475
Holdings
Estatus retirado Estado de pérdida Estado de daño No para préstamo Biblioteca de origen Biblioteca actual Ubicación en estantería Fecha de adquisición Fuente de adquisición Total de préstamos Signatura topográfica completa Código de barras Visto por última vez Precio de reemplazo Tipo de ítem Koha
        Biblioteca del Ateneo de Madrid Biblioteca del Ateneo de Madrid Depósito 2 17/01/2008     E-669 1138011 23/02/2023 23/02/2023 Libro impreso